[Event "Lichtenberger Sommer 2019"]
[Site "Berlin"]
[Date "2019.08.18"]
[Round "2.67"]
[White "Andresen, Marc"]
[Black "Rehder, Frank"]
[Result "1-0"]
[WhiteElo "1554"]
[BlackElo "1793"]
[PlyCount "89"]
[EventDate "2019.??.??"]
[WhiteTeam "SC Falkensee"]
[BlackTeam "SC Zugzwang 95 (Berlin)"]

1. e4 c5 2. Nf3 e6 3. d4 cxd4 4. Nxd4 a6 5. c4 Qc7 6. a3 Nf6 7. Nc3 Be7 8. Be3
Nc6 9. Be2 O-O 10. Qd2 b6 11. O-O d6 12. Rac1 Bb7 13. Rfd1 Rfd8 14. f3 Rac8 15.
Na4 Nd7 16. b4 Qb8 17. Nb3 Ba8 18. Bf1 Nce5 19. Qf2 b5 20. cxb5 axb5 21. Nb6
Nxb6 22. Bxb6 Rxc1 23. Rxc1 Rd7 24. Na5 Bd8 25. Bxd8 Rxd8 26. Qe2 d5 27. Qxb5
Qxb5 28. Bxb5 dxe4 29. fxe4 Bxe4 30. Re1 f5 31. Nb3 Nd3 32. Rd1 Rd5 33. Bc4 Nb2
34. Bxd5 Nxd1 35. Bxe6+ Kf8 36. Nc5 Bc2 37. Bb3 Bxb3 38. Nxb3 Nc3 39. Kf2 Ke7
40. Ke3 Kd6 41. Kd3 Nd5 42. Kd4 g5 43. Nc5 h5 44. Nb7+ Ke6 45. Nd8+ 1-0

[Event "Lichtenberger Sommer 2019"]
[Site "Berlin"]
[Date "2019.08.18"]
[Round "2.68"]
[White "Mock, Peter"]
[Black "Heinrich, Bert"]
[Result "1-0"]
[WhiteElo "1784"]
[BlackElo "1575"]
[PlyCount "47"]
[EventDate "2019.??.??"]
[WhiteTeam "SC Rochade (Berlin)"]
[BlackTeam "RW Neuenhagen"]

1. c4 Nf6 2. Nc3 e6 3. e4 Bb4 4. e5 Bxc3 5. bxc3 Ne4 6. Qg4 Ng5 7. h4 h5 8.
Qxg5 Qxg5 9. hxg5 b6 10. d4 Bb7 11. f3 d6 12. Bf4 d5 13. a4 Nc6 14. cxd5 exd5
15. Bb5 O-O-O 16. Ne2 Ne7 17. a5 c6 18. Bd3 b5 19. a6 Ba8 20. Bc1 g6 21. Ra3
Rd7 22. Kf2 Ng8 23. Nf4 Kc7 24. e6 1-0

[Event "Lichtenberger Sommer 2019"]
[Site "Berlin"]
[Date "2019.08.18"]
[Round "2.69"]
[White "Wilke, Hans-Peter"]
[Black "Bandsom, Olaf"]
[Result "0-1"]
[WhiteElo "1523"]
[BlackElo "1784"]
[PlyCount "106"]
[EventDate "2019.??.??"]
[WhiteTeam "Läufer Reinickendorf"]
[BlackTeam "SC Friesen Lichtenberg"]

1. d4 Nf6 2. Bf4 d5 3. e3 e6 4. c3 Be7 5. Nd2 O-O 6. Bd3 c5 7. Ngf3 Nbd7 8. Ne5
c4 9. Bc2 Nxe5 10. dxe5 Ne8 11. Qh5 g6 12. Qg4 f5 13. Qh3 Bg5 14. Bxg5 Qxg5 15.
f4 Qe7 16. Nf3 Kg7 17. g4 Qc5 18. Nd4 h6 19. gxf5 exf5 20. Rg1 Kh7 21. Qg2 Qb6
22. h4 Ng7 23. Bd1 Rg8 24. Rb1 Bd7 25. Bf3 Nh5 26. Qd2 Bc6 27. Qe2 Qd8 28. Kd2
Ng7 29. Rh1 Qe8 30. Rbg1 Ne6 31. Rg3 Qf7 32. Rhg1 Qe7 33. Qh2 h5 34. Qg2 Nxd4
35. exd4 Qe6 36. Rg5 Kh6 37. Qe2 Qf7 38. e6 Qe8 39. Qe5 Qe7 40. Bxd5 Bxd5 41.
Qxd5 Rac8 42. Re1 Rgd8 43. Qg2 Rg8 44. Re5 Rc6 45. d5 Rd6 46. Kc2 Qe8 47. Qe2
b5 48. Qe3 Rg7 49. Qc5 Rb6 50. d6 Qd8 51. Qd5 Rxd6 52. Qxb5 Rd2+ 53. Kc1 Rd1+
0-1

[Event "Lichtenberger Sommer 2019"]
[Site "Berlin"]
[Date "2019.08.18"]
[Round "2.70"]
[White "Bade, Heidrun"]
[Black "Theilig, Reinhard"]
[Result "1-0"]
[WhiteElo "1783"]
[BlackElo "1560"]
[PlyCount "47"]
[EventDate "2019.??.??"]
[WhiteTeam "USV Potsdam"]
[BlackTeam "VfB Hermsdorf"]

1. e4 d6 2. d4 Nf6 3. Nc3 g6 4. Bc4 Bg7 5. Nge2 O-O 6. O-O Nxe4 7. Nxe4 d5 8.
Bd3 dxe4 9. Bxe4 c6 10. c3 Nd7 11. Bf4 Nf6 12. Bc2 Be6 13. Be5 Rc8 14. Nf4 Bg4
15. f3 Bd7 16. Re1 g5 17. Qd3 Ne4 18. Bxg7 Kxg7 19. Qxe4 Rh8 20. Qe5+ Kh6 21.
Nh3 e6 22. f4 f6 23. fxg5+ fxg5 24. Nf2 1-0

[Event "Lichtenberger Sommer 2019"]
[Site "Berlin"]
[Date "2019.08.18"]
[Round "2.71"]
[White "Fontaine, Constantin"]
[Black "Schindler, Rudolf"]
[Result "0-1"]
[WhiteElo "1498"]
[BlackElo "1780"]
[PlyCount "124"]
[EventDate "2019.??.??"]
[WhiteTeam "SK Tempelhof 1931"]
[BlackTeam "Lasker Steglitz-Wilmersdorf"]

1. Nf3 Nf6 2. c4 c6 3. Nc3 d5 4. cxd5 cxd5 5. d4 Nc6 6. Bf4 a6 7. e3 e6 8. Be2
Be7 9. O-O O-O 10. Rc1 Nh5 11. Ne5 Nxe5 12. Bxe5 Nf6 13. Na4 Ne8 14. Qb3 b5 15.
Nc5 Nd6 16. Bxd6 Bxd6 17. e4 dxe4 18. Nxe4 Bxh2+ 19. Kxh2 Bb7 20. Nc5 Bd5 21.
Qg3 Ra7 22. Bd3 f5 23. Rfe1 Rf6 24. Nxe6 Rxe6 25. Bxf5 Rh6+ 26. Kg1 Ra8 27. Rc7
Qf6 28. Be6+ Bxe6 29. Rxe6 Rg6 30. Rxf6 Rxg3 31. Rff7 Rg6 32. d5 Rd8 33. Rfd7
Rxd7 34. Rxd7 Rf6 35. Rc7 Rd6 36. Rc5 Kf7 37. Kh2 Kf6 38. Kg3 Ke5 39. Rc7 Rg6+
40. Kf3 Kxd5 41. Rf7 Kc5 42. Rc7+ Kb6 43. Rf7 a5 44. Rf4 h6 45. Ke4 Rxg2 46.
Kf5 Rg5+ 47. Ke6 Rc5 48. Kf7 g5 49. Rf6+ Ka7 50. Kg6 Rc2 51. Kxh6 Rxb2 52. Kxg5
Rxa2 53. f4 b4 54. Rf7+ Kb6 55. Rf6+ Kc5 56. Rh6 Rg2+ 57. Kf5 b3 58. Rh3 a4 59.
Ke6 b2 60. Rh1 a3 61. f5 a2 62. f6 b1=Q 0-1

[Event "Lichtenberger Sommer 2019"]
[Site "Berlin"]
[Date "2019.08.18"]
[Round "2.72"]
[White "Eisheh, Jens-Tarek"]
[Black "Fricke, Janek Konrad"]
[Result "1-0"]
[WhiteElo "1779"]
[BlackElo "1536"]
[PlyCount "107"]
[EventDate "2019.??.??"]
[WhiteTeam "Lübecker SV"]
[BlackTeam "SV Empor Berlin"]

1. e4 c5 2. Nc3 d6 3. Bb5+ Bd7 4. Bc4 Nf6 5. f4 e6 6. Nf3 Nc6 7. d3 a6 8. a4
Be7 9. O-O Qc7 10. Ng5 h6 11. Nxf7 Kxf7 12. f5 Nd4 13. fxe6+ Bxe6 14. Nd5 Qd8
15. c3 Nc6 16. d4 Na5 17. Bd3 Ke8 18. Nf4 Bg4 19. Qe1 Nb3 20. e5 dxe5 21. Bg6+
Kf8 22. Qxe5 Qd7 23. h3 Bd6 24. Qe1 Nxc1 25. hxg4 Bxf4 26. Rxf4 Nb3 27. Rd1
cxd4 28. cxd4 Rd8 29. Qb4+ Qd6 30. Qxb3 Rd7 31. Qe3 Re7 32. Qf2 Re6 33. Bf5 Re7
34. Rc1 Kf7 35. Rf3 Rhe8 36. Qc2 Qxd4+ 37. Kh2 Qd6+ 38. Kh1 Re1+ 39. Rf1 Rxf1+
40. Rxf1 Kg8 41. Qb3+ Kh8 42. Qxb7 Re7 43. Qc8+ Re8 44. Qc4 Re7 45. b4 g5 46.
Rc1 Kg7 47. b5 axb5 48. axb5 Qe5 49. b6 h5 50. Rb1 hxg4 51. b7 g3 52. b8=Q Qxf5
53. Qcc8 Qf2 54. Qf8+ 1-0

[Event "Lichtenberger Sommer 2019"]
[Site "Berlin"]
[Date "2019.08.18"]
[Round "2.73"]
[White "Weber, Constanze"]
[Black "Fiß, Wolfgang"]
[Result "1-0"]
[WhiteElo "1490"]
[BlackElo "1778"]
[PlyCount "47"]
[EventDate "2019.??.??"]
[WhiteTeam "SV Ruhrspringer"]
[BlackTeam "SC Oranienburg"]

1. c4 e6 2. Nc3 Nf6 3. g3 d5 4. cxd5 Nxd5 5. Bg2 c6 6. d4 Bb4 7. Bd2 Nd7 8. e4
N5f6 9. Nge2 O-O 10. a3 Be7 11. O-O Nb6 12. b3 c5 13. Be3 cxd4 14. Bxd4 Bd7 15.
a4 Bc6 16. Be3 Nbd7 17. Rc1 a6 18. Nd4 Ne5 19. h3 Bd7 20. f4 Nc6 21. e5 Nd5 22.
Nxd5 Nxd4 23. Nxe7+ Qxe7 24. Bxd4 1-0

[Event "Lichtenberger Sommer 2019"]
[Site "Berlin"]
[Date "2019.08.18"]
[Round "2.74"]
[White "Kohlmeyer, Dagobert"]
[Black "Caglar, Erdal"]
[Result "1-0"]
[WhiteElo "1776"]
[BlackElo "1514"]
[PlyCount "83"]
[EventDate "2019.??.??"]
[WhiteTeam "SG Weißensee 49"]
[BlackTeam "SW Lichtenrade"]

1. e4 Nc6 2. d4 e5 3. Nf3 exd4 4. Nxd4 Qf6 5. Be3 Bc5 6. c3 Nxd4 7. Bxd4 Bxd4
8. cxd4 d6 9. Nc3 Qe7 10. Bd3 Nf6 11. O-O O-O 12. Re1 Be6 13. e5 dxe5 14. dxe5
Nd5 15. Nxd5 Bxd5 16. Bxh7+ Kxh7 17. Qxd5 c6 18. Qe4+ g6 19. Re3 Rad8 20. Qf4
Kg7 21. Rae1 Rh8 22. g3 Qe6 23. h4 Rd2 24. Rb3 Rd7 25. Rf3 Rd5 26. Qf6+ Qxf6
27. exf6+ Kf8 28. Rfe3 Rd8 29. Re7 Rb8 30. Rd1 a5 31. Rdd7 Rh7 32. Rxb7 Rxb7
33. Rxb7 Ke8 34. Rc7 Rh5 35. Rxc6 Rb5 36. b3 Kd7 37. Ra6 Re5 38. Kg2 Re6 39.
Rxa5 Rxf6 40. Ra7+ Kc8 41. a4 Kb8 42. Re7 1-0

[Event "Lichtenberger Sommer 2019"]
[Site "Berlin"]
[Date "2019.08.18"]
[Round "2.76"]
[White "Woinowski, Michael"]
[Black "Kirves, Martin"]
[Result "1-0"]
[WhiteElo "1768"]
[BlackElo "1498"]
[PlyCount "45"]
[EventDate "2019.??.??"]
[WhiteTeam "SC Kreuzberg"]
[BlackTeam "BSC Rehberge"]

1. e4 e6 2. d4 d5 3. Nc3 Nf6 4. e5 Nfd7 5. f4 c5 6. Nf3 Nc6 7. Be3 Be7 8. Bd3
O-O 9. O-O a6 10. f5 cxd4 11. fxe6 fxe6 12. Nxd4 Ndxe5 13. Nxc6 bxc6 14. Bxh7+
Kxh7 15. Qh5+ Kg8 16. Qxe5 Bf6 17. Qh5 d4 18. Rad1 Qb6 19. Rxf6 dxe3 20. Rxf8+
Kxf8 21. Rf1+ Ke7 22. Rf7+ Ke8 23. Rxg7+ 1-0

[Event "Lichtenberger Sommer 2019"]
[Site "Berlin"]
[Date "2019.08.18"]
[Round "2.77"]
[White "Abraham, Helmut"]
[Black "Seitz, Manuel"]
[Result "0-1"]
[WhiteElo "1468"]
[BlackElo "1764"]
[PlyCount "42"]
[EventDate "2019.??.??"]
[WhiteTeam "SC Kreuzberg"]
[BlackTeam "SC Falkensee"]

1. Nf3 c5 2. c4 Nc6 3. e3 g6 4. Nc3 Bg7 5. b3 e6 6. Bb2 d5 7. cxd5 exd5 8. Bb5
Nge7 9. d4 cxd4 10. Nxd4 O-O 11. Nxc6 Nxc6 12. O-O Bf5 13. Qe2 d4 14. Rad1 dxc3
15. Rxd8 Rfxd8 16. Ba1 Rd2 17. Qc4 Bd3 18. Qxd3 Rxd3 19. Bxd3 Rd8 20. Bc2 Rd2
21. Rc1 Nb4 0-1

[Event "Lichtenberger Sommer 2019"]
[Site "Berlin"]
[Date "2019.08.18"]
[Round "2.78"]
[White "Vollmar, Torsten"]
[Black "Tschirschwitz, Stephan"]
[Result "1-0"]
[WhiteElo "1764"]
[BlackElo "1495"]
[PlyCount "99"]
[EventDate "2019.??.??"]
[WhiteTeam "BSV 63 Chemie Weißensee"]
[BlackTeam "Lasker Steglitz-Wilmersdorf"]

1. e4 c5 2. Nc3 Nc6 3. g3 d6 4. Bg2 Nf6 5. d3 g6 6. f4 e6 7. Nf3 Bg7 8. O-O O-O
9. Be3 Ng4 10. Bc1 a6 11. h3 Nh6 12. a4 Qc7 13. Ne2 Nd4 14. c3 Nxe2+ 15. Qxe2
b6 16. g4 Kh8 17. g5 Ng8 18. Nh2 Bb7 19. Ng4 f5 20. Nf2 Rfe8 21. Be3 Ne7 22. d4
d5 23. e5 c4 24. Bf3 Kg8 25. Kg2 Kf7 26. Rh1 Rh8 27. h4 Rag8 28. Qc2 Nc8 29. h5
Ke8 30. b3 Ne7 31. Bc1 Kd7 32. Ba3 Rc8 33. Bd6 Qd8 34. bxc4 Rxc4 35. Qb3 Rc6
36. Nd3 a5 37. Nc5+ Rxc5 38. Bxc5 Nc8 39. hxg6 hxg6 40. Rxh8 Bxh8 41. Rh1 Ba6
42. Rh7+ Kc6 43. Ba3 Qg8 44. Rh1 Bg7 45. c4 Bxc4 46. Qxc4+ Kb7 47. Qb5 Bf8 48.
Bxf8 Qxf8 49. Rh7+ Kb8 50. Qd7 1-0

[Event "Lichtenberger Sommer 2019"]
[Site "Berlin"]
[Date "2019.08.18"]
[Round "2.79"]
[White "Stark, Steven"]
[Black "Müller, Johannes"]
[Result "0-1"]
[WhiteElo "1443"]
[BlackElo "1760"]
[PlyCount "90"]
[EventDate "2019.??.??"]
[WhiteTeam "BSC Rehberge"]
[BlackTeam "SC Eintracht Berlin"]

1. e4 c6 2. Nf3 d5 3. e5 Bg4 4. d4 e6 5. h3 Bh5 6. Qd3 Ne7 7. Bg5 h6 8. Bd2 Bg6
9. Qb3 Qb6 10. Bd3 Bxd3 11. cxd3 Qxb3 12. axb3 Nd7 13. b4 Ng6 14. g3 Be7 15. h4
f6 16. Bc3 O-O 17. Nbd2 b6 18. Ke2 fxe5 19. dxe5 c5 20. d4 cxb4 21. Rhc1 bxc3
22. Rxc3 Bd8 23. Rc6 Kf7 24. Nb1 Ne7 25. Rc2 Rc8 26. Rc3 a5 27. Na3 Rxc3 28.
bxc3 Nc6 29. Nb5 Be7 30. Ke3 Ke8 31. Nc7+ Kf7 32. Nb5 g5 33. h5 Ra8 34. g4 Na7
35. Nd6+ Bxd6 36. exd6 Nc6 37. Ra4 b5 38. Ra1 Rb8 39. Nd2 e5 40. Nb3 a4 41. Nc5
Nxc5 42. dxc5 Ke6 43. f3 Na5 44. Ra2 Nb3 45. Ra3 Nxc5 0-1

[Event "Lichtenberger Sommer 2019"]
[Site "Berlin"]
[Date "2019.08.18"]
[Round "2.80"]
[White "Jachym, Adam"]
[Black "Lippianowski, Stefan"]
[Result "1-0"]
[WhiteElo "1994"]
[BlackElo "1083"]
[PlyCount "33"]
[EventDate "2019.??.??"]
[WhiteTeam "OKSZ Spolem Opole"]
[BlackTeam "SV Mattnetz Berlin"]

1. e4 e5 2. Nf3 Nc6 3. Bb5 Nf6 4. d3 Nd4 5. Nxd4 exd4 6. O-O c6 7. Ba4 Qa5 8.
Bb3 Bd6 9. f4 Be7 10. e5 Nd5 11. Qf3 Ne3 12. Bxe3 dxe3 13. Qxe3 Bc5 14. d4 Bb6
15. c3 d5 16. exd6+ Kd8 17. Qe7# 1-0

[Event "Lichtenberger Sommer 2019"]
[Site "Berlin"]
[Date "2019.08.18"]
[Round "2.81"]
[White "Becker, Werner"]
[Black "Koerber, Bernhard"]
[Result "1/2-1/2"]
[WhiteElo "1758"]
[BlackElo "1488"]
[PlyCount "47"]
[EventDate "2019.??.??"]
[WhiteTeam "SC Rochade (Berlin)"]
[BlackTeam "Lasker Steglitz-Wilmersdorf"]

1. d4 Nf6 2. c4 g6 3. Nc3 d5 4. Nf3 Bg7 5. e3 O-O 6. cxd5 Nxd5 7. Be2 c5 8. O-O
Nc6 9. Nxd5 Qxd5 10. dxc5 Qxc5 11. a3 Rd8 12. Nd2 Qb6 13. Qb3 Qxb3 14. Nxb3 b6
15. Bf3 Bb7 16. Rb1 Rab8 17. Nd2 e6 18. b4 Ne7 19. Bxb7 Rxb7 20. Ne4 Rbd7 21.
Bb2 Nd5 22. Bxg7 Kxg7 23. Rbc1 Nf6 24. Nxf6 1/2-1/2

[Event "Lichtenberger Sommer 2019"]
[Site "Berlin"]
[Date "2019.08.18"]
[Round "2.82"]
[White "Eichstädt, Torsten"]
[Black "Glienke, Michael"]
[Result "1/2-1/2"]
[WhiteElo "1401"]
[BlackElo "1754"]
[PlyCount "53"]
[EventDate "2019.??.??"]
[WhiteTeam "SG NARVA Berlin"]
[BlackTeam "SC Kreuzberg"]

1. e4 c5 2. Nf3 Nc6 3. Bb5 g6 4. c3 Bg7 5. O-O d6 6. d4 cxd4 7. cxd4 Bd7 8. Re1
Qb6 9. Bxc6 bxc6 10. Na3 Bg4 11. e5 d5 12. Nc2 Rd8 13. h3 Bc8 14. b3 e6 15. Ba3
Rd7 16. Bc5 Qd8 17. Nb4 Ne7 18. Rc1 Bb7 19. Bxa7 O-O 20. Bc5 Qa8 21. a4 Rc8 22.
g4 Bh6 23. Rc3 Qa5 24. Qc2 Qc7 25. Nd3 Ba8 26. Ba3 Bf8 27. Nc5 1/2-1/2

[Event "Lichtenberger Sommer 2019"]
[Site "Berlin"]
[Date "2019.08.18"]
[Round "2.83"]
[White "Jansen, Robert"]
[Black "Ettel, Ralf"]
[Result "1-0"]
[WhiteElo "1746"]
[BlackElo "1471"]
[PlyCount "129"]
[EventDate "2019.??.??"]
[WhiteTeam "SC Kreuzberg"]
[BlackTeam "SK König Tegel"]

1. d4 Nf6 2. c4 e6 3. Nc3 c5 4. e3 cxd4 5. exd4 g6 6. Bd3 Bg7 7. Nge2 O-O 8.
O-O Nc6 9. a3 d5 10. Bg5 a6 11. Qd2 dxc4 12. Bxc4 b5 13. Ba2 Ne7 14. Rad1 Bb7
15. Bh6 Bxh6 16. Qxh6 Nf5 17. Qh3 Qc7 18. Ng3 Nxg3 19. hxg3 Qc6 20. f3 Rad8 21.
Qh4 Nh5 22. g4 Nf4 23. g3 Nd5 24. Ne4 f5 25. gxf5 exf5 26. Ng5 Rd7 27. Rfe1 Qc2
28. Qh2 Qxh2+ 29. Kxh2 Rc8 30. Rc1 Rxc1 31. Rxc1 h6 32. Ne6 Rd6 33. Nc5 Ba8 34.
Re1 Kf7 35. Nd3 Kf6 36. Nc5 Nc7 37. f4 Rxd4 38. Nxa6 Rd2+ 39. Kg1 Nd5 40. Nc5
Nc7 41. Re3 Bc6 42. Rd3 Rxd3 43. Nxd3 Be4 44. Nc5 Bc6 45. Kf2 g5 46. fxg5+ hxg5
47. Nd3 Be4 48. Nc5 Bc6 49. Ke3 Ke7 50. Nd3 Kd6 51. Bg8 Bd5 52. Bh7 Be6 53. Kd4
Nd5 54. Nc5 Bc8 55. Nd3 Nf6 56. Bg6 Ne4 57. g4 Ng3 58. gxf5 Nxf5+ 59. Ke4 Nh4
60. Bh7 Bb7+ 61. Ke3 Ng2+ 62. Kf2 Nh4 63. Kg3 Bc8 64. Nf2 Ke5 65. Bd3 1-0

[Event "Lichtenberger Sommer 2019"]
[Site "Berlin"]
[Date "2019.08.18"]
[Round "2.84"]
[White "Geiß, Anne"]
[Black "Pöltelt, Helmut"]
[Result "1/2-1/2"]
[WhiteElo "1393"]
[BlackElo "1746"]
[PlyCount "74"]
[EventDate "2019.??.??"]
[WhiteTeam "Schachpinguine Berlin"]
[BlackTeam "SC Eintracht Berlin"]

1. e4 c5 2. Nf3 d6 3. d4 cxd4 4. Qxd4 Nc6 5. Bb5 Bd7 6. Bxc6 Bxc6 7. Nc3 Nf6 8.
Bg5 e5 9. Qd3 Be7 10. O-O-O Ng4 11. Be3 Nxe3 12. Qxe3 Qa5 13. h4 O-O-O 14. Kb1
Kb8 15. Nd2 f6 16. Nb3 Qc7 17. Nd5 Bxd5 18. Rxd5 Rc8 19. Qd3 Qc4 20. g3 Qxd3
21. cxd3 Rhf8 22. f4 g6 23. h5 g5 24. f5 Rc6 25. Na5 Rc5 26. Rc1 Rxd5 27. exd5
Bd8 28. Nc4 Bc7 29. g4 Rd8 30. a4 Bb6 31. Nxb6 axb6 32. Rc4 Rc8 33. Rxc8+ Kxc8
34. b4 b5 35. a5 Kc7 36. h6 b6 37. axb6+ Kxb6 1/2-1/2

[Event "Lichtenberger Sommer 2019"]
[Site "Berlin"]
[Date "2019.08.18"]
[Round "2.85"]
[White "Francois, Yannick"]
[Black "Nareyek, Matthias"]
[Result "1/2-1/2"]
[WhiteElo "1745"]
[BlackElo "1448"]
[PlyCount "45"]
[EventDate "2019.??.??"]
[WhiteTeam "SC Falkensee"]
[BlackTeam "SV Empor Berlin"]

1. e4 d6 2. Nf3 Nf6 3. Nc3 g6 4. Bc4 Bg7 5. d3 O-O 6. Be3 c6 7. Qd2 Bg4 8. Bh6
d5 9. Bxg7 Kxg7 10. exd5 cxd5 11. Bb3 Bxf3 12. gxf3 Nc6 13. O-O-O Nd4 14. f4
Rc8 15. Ne2 Nxb3+ 16. axb3 Ng4 17. Ng3 Qb6 18. Rdf1 Rc7 19. h3 Nf6 20. Kb1 Rfc8
21. Rc1 Rc6 22. f5 a5 23. d4 1/2-1/2

[Event "Lichtenberger Sommer 2019"]
[Site "Berlin"]
[Date "2019.08.18"]
[Round "2.86"]
[White "Zesewitz, Maik"]
[Black "Koppe, Cordelia"]
[Result "1-0"]
[WhiteElo "1742"]
[BlackElo "1436"]
[PlyCount "119"]
[EventDate "2019.??.??"]
[WhiteTeam "SF Friedrichshagen"]
[BlackTeam "SV Rüdersdorf"]

1. f4 Nf6 2. Nf3 d6 3. e3 e5 4. fxe5 dxe5 5. Nxe5 Bd6 6. Nf3 Ng4 7. d4 Nxh2 8.
Nxh2 Qh4+ 9. Kd2 Bxh2 10. Be2 Qg3 11. Qf1 Be6 12. Nc3 c6 13. Ne4 Qc7 14. b3 Nd7
15. Bb2 f6 16. c4 O-O-O 17. Kc2 c5 18. d5 Bf7 19. Bg4 h5 20. Bf5 Be5 21. Bxe5
fxe5 22. d6 Qc6 23. Rd1 g6 24. Bxd7+ Rxd7 25. Nf6 Rxd6 26. Rxd6 Qxd6 27. Nxh5
Qe7 28. Ng3 Rxh1 29. Qxh1 Qg5 30. Qh3+ Kc7 31. Ne4 Qe7 32. Qf3 Be6 33. Qf6 Qxf6
34. Nxf6 b6 35. e4 Kd6 36. Kd3 Bf7 37. Ke3 Ke6 38. Nd5 Kd6 39. Kf3 Bxd5 40.
exd5 a6 41. Ke4 b5 42. a3 bxc4 43. bxc4 a5 44. a4 Ke7 45. Kxe5 g5 46. g4 Kd7
47. Kf5 Kd6 48. Kxg5 Ke5 49. Kh6 Kd4 50. d6 Kxc4 51. d7 Kb4 52. d8=Q c4 53. Qd4
Kb3 54. g5 c3 55. g6 c2 56. Qa1 Kc4 57. g7 Kd3 58. g8=Q Kd2 59. Qg2+ Kd3 60.
Qc1 1-0

[Event "Lichtenberger Sommer 2019"]
[Site "Berlin"]
[Date "2019.08.18"]
[Round "2.87"]
[White "Schilly, Hans-Joachim"]
[Black "Toth, Hans-Jürgen"]
[Result "1-0"]
[WhiteElo "1739"]
[BlackElo "1401"]
[PlyCount "78"]
[EventDate "2019.??.??"]
[WhiteTeam "SF Siemensstadt"]
[BlackTeam "SF Zehdenick"]

1. c4 e6 2. e4 d5 3. cxd5 exd5 4. exd5 Nf6 5. Nc3 Nxd5 6. d4 Bb4 7. Bd2 O-O 8.
Be2 Nc6 9. a3 Ba5 10. Nf3 Bb6 11. Be3 Nxe3 12. fxe3 Re8 13. Qd2 Ne7 14. O-O c6
15. Bc4 Nf5 16. Nd1 Nd6 17. Bb3 Be6 18. Bc2 Nf5 19. Kh1 Qd6 20. Ne5 Nh6 21. Nc3
f6 22. Qd3 f5 23. Nc4 Bxc4 24. Qxc4+ Kh8 25. Rae1 Ng4 26. g3 Rxe3 27. Bxf5 Rxe1
28. Rxe1 Nf6 29. Re6 Qxd4 30. Qxd4 Bxd4 31. Re7 b6 32. Rc7 c5 33. Na4 Nd5 34.
Rd7 Ne3 35. Be4 Re8 36. Rxa7 g6 37. Bc6 Re6 38. Bb5 Nd1 39. Rb7 Re2 1-0

[Event "Lichtenberger Sommer 2019"]
[Site "Berlin"]
[Date "2019.08.18"]
[Round "2.88"]
[White "Kultscher, Christian"]
[Black "Jugert, Ole"]
[Result "0-1"]
[WhiteElo "1366"]
[BlackElo "1739"]
[PlyCount "58"]
[EventDate "2019.??.??"]
[WhiteTeam "1. SC Anhalt"]
[BlackTeam "SK Zehlendorf"]

1. d4 d5 2. Nf3 Nf6 3. Nc3 e6 4. Bf4 Bb4 5. Bd2 O-O 6. a3 Bxc3 7. Bxc3 Ne4 8.
Bb4 Re8 9. Nd2 a5 10. Nxe4 axb4 11. Ng3 bxa3 12. bxa3 Qd6 13. Qd3 b6 14. Nh5
Ba6 15. Qg3 Qxg3 16. hxg3 Nc6 17. e3 Bxf1 18. Rxf1 Ra4 19. Ke2 Rea8 20. f4 Rxa3
21. Rxa3 Rxa3 22. f5 exf5 23. Rxf5 g6 24. Nf6+ Kg7 25. Rf2 Nb4 26. Ne8+ Kf8 27.
Nxc7 Rc3 28. Kf3 Rxc7 29. e4 Rc3+ 0-1

[Event "Lichtenberger Sommer 2019"]
[Site "Berlin"]
[Date "2019.08.18"]
[Round "2.89"]
[White "Lange, Christoph"]
[Black "Bunkens, Rudi"]
[Result "0-1"]
[WhiteElo "1306"]
[BlackElo "1724"]
[PlyCount "126"]
[EventDate "2019.??.??"]
[WhiteTeam "TSG Oberschöneweide"]
[BlackTeam "Koninklijke Gentse SK"]

1. e4 c5 2. Nf3 d6 3. d4 cxd4 4. Nxd4 Nf6 5. Nc3 a6 6. Be3 e5 7. Nf3 Qc7 8. Be2
Be7 9. Qd2 O-O 10. O-O b5 11. a3 Bb7 12. Bd3 Nbd7 13. Rfe1 Rfd8 14. Rad1 Nf8
15. Bg5 Ne6 16. Bxf6 Bxf6 17. Ne2 d5 18. Ng3 dxe4 19. Nxe4 Bxe4 20. Rxe4 Nc5
21. Qe2 Nxe4 22. Qxe4 g6 23. h3 Qc5 24. Re1 Re8 25. Qe2 Rac8 26. c3 Rcd8 27.
Be4 Qd6 28. Qc2 Rd7 29. Kh1 Red8 30. Kh2 Qc7 31. Kg1 Rd6 32. Kh2 Qd7 33. Re2
Qe7 34. Re1 Bg5 35. Re2 Kh8 36. g3 Bh6 37. Nh4 Rd2 38. Rxd2 Rxd2 39. Qb1 Qc5
40. Qe1 Qxf2+ 41. Qxf2 Rxf2+ 42. Ng2 Rxb2 43. Bd5 f5 44. Bb7 a5 45. Bd5 Bf8 46.
h4 Bxa3 47. Kh3 Bc5 48. Ne1 Rd2 49. Bc6 b4 50. cxb4 axb4 51. Nf3 Re2 52. Bb5
Re3 53. Nd2 Bd4 54. Nc4 Rc3 55. Nd2 Bf2 56. Nf1 b3 57. Kg2 b2 58. Nd2 Bxg3 59.
Nb1 Rc1 60. Kxg3 Rxb1 61. Bd3 Rd1 62. Bc2 b1=Q 63. Bxb1 Rxb1 0-1

[Event "Lichtenberger Sommer 2019"]
[Site "Berlin"]
[Date "2019.08.18"]
[Round "2.90"]
[White "Caglar, Ertan"]
[Black "Paris, Gerhard"]
[Result "1-0"]
[WhiteElo "1724"]
[BlackElo "1384"]
[PlyCount "53"]
[EventDate "2019.??.??"]
[WhiteTeam "SW Lichtenrade"]
[BlackTeam "TSG Oberschöneweide"]

1. e4 e5 2. f4 Bc5 3. Nf3 d6 4. Nc3 Bg4 5. Bc4 Bxf3 6. Qxf3 Nf6 7. d3 Nc6 8.
Bb5 a6 9. Bxc6+ bxc6 10. fxe5 dxe5 11. Qg3 Qd6 12. Rf1 O-O-O 13. Qxg7 Nh5 14.
Qg4+ f5 15. Qxf5+ Kb7 16. Qxh5 Bb4 17. Bd2 Qc5 18. Ke2 Rdg8 19. g3 Qe7 20. Rf7
Qe8 21. Raf1 Rf8 22. Qf5 h5 23. Qd7 Qc8 24. Qxc8+ Kxc8 25. Rxf8+ Bxf8 26. Rf5
h4 27. g4 1-0

[Event "Lichtenberger Sommer 2019"]
[Site "Berlin"]
[Date "2019.08.18"]
[Round "2.91"]
[White "Dittrich, Hans-Jürgen"]
[Black "Dittrich, Hans-Georg"]
[Result "1/2-1/2"]
[WhiteElo "1284"]
[BlackElo "1722"]
[PlyCount "67"]
[EventDate "2019.??.??"]
[WhiteTeam "SC Eintracht Berlin"]

1. d4 c5 2. c3 Qa5 3. Nf3 cxd4 4. Qxd4 Nc6 5. Qd1 Nf6 6. Bf4 d6 7. e3 Qb6 8.
Qb3 Qxb3 9. axb3 h6 10. h3 Bf5 11. g4 Bh7 12. Nbd2 e5 13. Bg3 Be7 14. Bg2 Bd3
15. Bf1 Bxf1 16. Nxf1 Ne4 17. N1d2 Nc5 18. O-O O-O 19. Kg2 a6 20. Nh4 Bxh4 21.
Bxh4 g5 22. Bg3 f5 23. f4 Nd3 24. Nc4 exf4 25. exf4 fxg4 26. fxg5 d5 27. Nb6
gxh3+ 28. Kxh3 Rxf1 29. Rxf1 Rf8 30. Rxf8+ Kxf8 31. gxh6 d4 32. Nd7+ Kf7 33.
cxd4 Nxd4 34. Be5 1/2-1/2

[Event "Lichtenberger Sommer 2019"]
[Site "Berlin"]
[Date "2019.08.18"]
[Round "2.92"]
[White "Rausch, Erik"]
[Black "Direktor, Paul"]
[Result "1-0"]
[WhiteElo "1718"]
[BlackElo "1350"]
[PlyCount "83"]
[EventDate "2019.??.??"]
[WhiteTeam "SC Kreuzberg"]
[BlackTeam "SK Neuburg"]

1. e4 e5 2. Nf3 Nf6 3. Nc3 d6 4. d4 exd4 5. Nxd4 Bd7 6. Be2 Qe7 7. O-O Nc6 8.
Nd5 Qxe4 9. Nxf6+ gxf6 10. Nxc6 Bxc6 11. Bf3 Qg6 12. Re1+ Be7 13. Bxc6+ bxc6
14. Qe2 Kd7 15. Qxe7+ Kc8 16. Qe4 d5 17. Qxg6 fxg6 18. b3 Kd7 19. Bb2 Rhf8 20.
Re2 Rf7 21. Rae1 a5 22. a4 Rb8 23. Ba3 Rh8 24. Re6 f5 25. Bb2 Rb8 26. Bc3 Ra8
27. Bf6 Raf8 28. Bg5 f4 29. Re7+ Rxe7 30. Rxe7+ Kc8 31. Rxh7 Rf5 32. h4 d4 33.
Rh8+ Kb7 34. Rg8 Rc5 35. Bxf4 Rxc2 36. Rxg6 d3 37. Rg7 d2 38. Bxd2 Rxd2 39. h5
Rd8 40. h6 Rh8 41. h7 Kb6 42. g4 1-0